French to English - Animals - Statistics

General Stats
  • This quiz has been taken 67 times
    49 since last reset
  • The average score is 42 of 75
Answer Stats
French English % Correct
Un chat Cat
91%
Un serpent Snake
91%
Un crocodile Crocodile
88%
Un chien Dog
88%
Un eléphant Elephant
88%
Un lion Lion
88%
Un lapin Rabbit
88%
Un tigre Tiger
88%
Un dauphin Dolphin
85%
Un poisson Fish
85%
Une girafe Giraffe
85%
Un cheval Horse
85%
Un hamster Hamster
82%
Un zèbre Zebra
82%
Un alligator Alligator
79%
Un caméléon Chameleon
79%
Un humain Human
79%
Un cochon Pig
79%
Un papillon Butterfly
76%
Une vache Cow
76%
Un mouton Sheep
76%
Une araignée Spider
76%
Une tortue Tortoise
73%
Un perroquet Parrot
70%
Un loup Wolf
70%
Une souris Mouse
67%
Un orang-outang Orangutan
67%
Un manchot/ Un pingouin Penguin
67%
Une étoile de mer Starfish
67%
Un canari Canary
64%
Un grenouille Frog
64%
Une chèvre Goat
64%
Un moustique Mosquito
64%
Un ours Bear
61%
Un coq Rooster
61%
Un requin Shark
61%
Un cygne Swan
61%
Un rorqual/ Une baleine Whale
61%
Une méduse Jellyfish
58%
Un papillon de nuit Moth
58%
Un furet Ferret
55%
Un singe Monkey
55%
Un écureuil Squirrel
55%
Un thon Tuna
55%
Un hibou Owl
52%
Une crevette Shrimp
52%
Une tortue marine Sea Turtle
48%
Un âne Donkey
45%
Un flamant Flamingo
45%
Un renard Fox
45%
Une chauve-souris Bat
42%
Une poule Hen
42%
Un homard Lobster
42%
Un phoque Seal
42%
Un castor Beaver
39%
Un poulpe Octopus
36%
Un orque Orca
36%
Un guépard Cheetah
33%
Un hérisson Hedgehog
33%
Une autruche Ostrich
33%
Un cerf Stag/Deer
33%
Un lièvre Hare
30%
Un raton laveur Raccoon
30%
Un hippocampe Seahorse
30%
Un paresseux Sloth
30%
Une oie Goose
27%
Un tourteau Crab
21%
Un lamantin Manatee
21%
Un ornithorynque Platypus
21%
Un crapaud Toad
21%
Un morse Walrus
21%
Un rouge-gorge Robin
18%
Un espadon Swordfish
18%
Un orignal Moose
15%
Une pastenague Stingray
12%
No matching quizzes found
Score Distribution
Percent of People with Each Score
Percentile by Number Answered
Your Score History
You have not taken this quiz since the last reset